000 00467nam a2200169Ia 4500
003 OSt
005 20260303103230.0
008 211028s2003 xx 000 0 und d
040 _cAIMIT LIBRARY
041 _aeng
100 _aGokhale, Harsha;D souza, Rio.
_g92164
_92210
110 _aD souza, Rio.
_92211
245 _aGAGAN service area contour display using SCILAB /
260 _aBangalore
_c2003
710 _aISRO Satellite Centre
_92212
942 _2ddc
_cPRO
999 _c216821
_d216821